000 00213nam a2200097Ia 4500
001 994652
005 20250826221431.0
008 250824s9999 xx 000 0 und d
245 0 _aNEDEN EVREN
260 _bHEP KİTAP
999 _c994652
_d994652